000 00641nam a2200181Ia 4500
008 151202s9999||||xx |||||||||||||| ||und||
082 _bPNVM-82393
100 _aशेवडे शैलजा.
245 _aआई ऑर्कुट आणि मेतकूट.
260 _b"मैत्रय प्रकाशन, मुंबई."
260 _c2013
300 _a176
600 _aशेवडे शैलजा.
630 _aआई ऑर्कुट आणि मेतकूट.
700 _aशेवडे शैलजा.
730 _aआई ऑर्कुट आणि मेतकूट.
942 _cBOOK
999 _c1347001
_d1346998